[Event "POL-chT DMP Ekstraliga 2019"]
[Site "Katowice"]
[Date "2019.08.30"]
[Round "3.6"]
[White "Majdan, Joanna"]
[Black "Kiolbasa, Oliwia"]
[Result "1-0"]
[WhiteElo "2368"]
[BlackElo "2244"]
[Annotator "NA"]
[PlyCount "78"]
[EventDate "2019.08.28"]
[EventType "team-tourn"]
[EventCountry "POL"]
[SourceTitle "playchess.com"]
[Source "ChessBase"]
[SourceQuality "1"]
[TimeControl "40/5400+30:1800+30"]

1. e4 {[%emt 0:00:00]} e5 {[%emt 0:00:00]} 2. Nf3 {[%emt 0:00:00]} Nc6 {[%emt 0:00:00]} 3. Nc3 {[%emt 0:00:00]} Nf6 {[%emt 0:00:14]} 4. Bb5 {[%emt 0:00:00]} Bb4 {[%emt 0:01:32]} 5. O-O {[%emt 0:00:19]} O-O {[%emt 0:00:47]} 6. d3 {[%emt 0:00:09]} Bxc3 {[%emt 0:04:34]} 7. bxc3 {[%emt 0:00:37]} d6 {[%emt 0:00:06]} 8. Bg5 {[%emt 0:00:04]} Qe7 {[%emt 0:02:00]} 9. Re1 {[%emt 0:00:07]} Nd8 {[%emt 0:01:17]} 10. d4 {[%emt 0:00:06]} Ne6 {[%emt 0:03:29]} 11. Bc1 {[%emt 0:00:06]} c6 {[%emt 0:07:16]} 12. Bf1 {[%emt 0:06:54]} Qc7 {[%emt 0:00:16]} 13. g3 {[%emt 0:04:56]} Re8 {[%emt 0:02:34]} 14. Bg2 {[%emt 0:00:25]} c5 {[%emt 0:00:31]} 15. d5 {[%emt 0:02:45]} Nf8 {[%emt 0:00:11]} 16. Nh4 {[%emt 0:05:42]} c4 {[%emt 0:03:27]} 17. Bg5 {[%emt 0:03:46]} N6d7 {[%emt 0:05:38]} 18. Qe2 {[%emt 0:02:39]} Nb6 {[%emt 0:03:54]} 19. Bd2 {[%emt 0:10:22]} Bd7 {[%emt 0:07:34]} 20. Qf1 {[%emt 0:05:57]} Na4 {[%emt 0:09:07]} 21. f4 {[%emt 0:05:11]} b5 {[%emt 0:00:10]} 22. Qf3 {[%emt 0:00:51]} a5 {[%emt 0:03:51]} 23. Rf1 {[%emt 0:02:14]} f6 {[%emt 0:00:18]} 24. g4 {[%emt 0:03:23]} Ng6 {[%emt 0:13:47]} 25. Nxg6 {[%emt 0:01:28]} hxg6 {[%emt 0:00:19]} 26. h4 {[%emt 0:02:44]} exf4 {[%emt 0:05:12]} 27. Bxf4 {[%emt 0:02:14]} b4 {[%emt 0:00:08]} 28. cxb4 {[%emt 0:04:20]} axb4 {[%emt 0:00:12]} 29. h5 {[%emt 0:02:43]} gxh5 {[%emt 0:05:52]} 30. gxh5 {[%emt 0:04:06]} Nc3 {[%emt 0:00:04]} 31. Rfe1 {[%emt 0:03:26]} Ra3 {[%emt 0:02:49]} 32. Qf2 {[%emt 0:03:42]} Rea8 {[%emt 0:10:28]} 33. h6 {[%emt 0:00:49]} Rxa2 {[%emt 0:00:55]} 34. Rxa2 {[%emt 0:00:04]} Rxa2 {[%emt 0:00:05]} 35. hxg7 {[%emt 0:00:29]} Be8 {[%emt 0:01:05]} 36. Bh6 {[%emt 0:07:52]} Qf7 {[%emt 0:01:54]} 37. Rf1 {[%emt 0:06:14]} b3 {[%emt 0:04:20]} 38. Qxf6 {[%emt 0:00:31]} b2 {[%emt 0:01:45]} 39. Qxd6 {[%emt 0:02:02]} Qxf1+ 1-0

[Event "POL-chT DMP Ekstraliga 2019"]
[Site "Katowice"]
[Date "2019.08.30"]
[Round "3.7"]
[White "Tomczak, Jacek"]
[Black "Huschenbeth, Niclas"]
[Result "0-1"]
[WhiteElo "2628"]
[BlackElo "2620"]
[Annotator "TA"]
[PlyCount "102"]
[EventDate "2019.08.28"]
[EventType "team-tourn"]
[EventCountry "POL"]
[SourceTitle "playchess.com"]
[Source "ChessBase"]
[SourceQuality "1"]

{[%evp 9,102,31,33,28,29,27,45,27,34,27,30,27,39,0,0,0,0,0,-31,0,0,-88,-86,-97,-92,-68,-44,-51,-49,-46,-45,-43,0,-27,0,-6,0,-39,10,0,0,-25,-20,-18,-18,-18,-20,-21,-25,-18,-20,-28,-25,-37,-30,-37,-52,-39,-28,-90,-47,-79,-80,-87,-99,-182,-173,-167,-173,-354,-347,-497,-483,-474,-479,-491,-511,-480,-509,-484,-476,-481,-456,-491,-472,-431,-299,-827,-793,-29982,-29983,-29983,-29981,-29988,-29989]} 1. e4 e5 2. Nf3 Nc6 3. Bb5 g6 4. c3 a6 5. Ba4 Bg7 6. d4 {C70: Ruy Lopez: 3...a6 4 Ba4, Norwegian and Delayed Schliemann} exd4 7. cxd4 b5 8. Bc2 {White is slightly better.} d6 9. d5 Na5 10. O-O Ne7 11. Bd2 Bxb2 12. Bxa5 {And now Bc3 would win.} Bxa1 13. Nc3 $1 Bb2 $146 14. Qb1 Ba3 15. Qa1 {[#]} (15. e5 $11) 15... O-O $1 $17 16. Nb1 {[%cal Bc3b1,Bb1d2,Bd2b3,Bb3c5][%mdl 32]} Bc5 17. Bc3 f6 18. Bxf6 {[#]} Rxf6 $1 {[%mdl 512]} 19. Qxf6 Qf8 20. Qh4 Kg7 21. Nbd2 Qf6 22. Qg3 Bb4 23. Nb3 Bc3 24. Rd1 Bd7 25. e5 Bxe5 $1 ({Much worse is} 25... dxe5 26. Ng5 $14) 26. Nxe5 Qxe5 27. Qxe5+ dxe5 28. Nc5 Bf5 29. Bxf5 Nxf5 $11 {[%mdl 4096] Endgame KRN-KRN} 30. Ne6+ Kf7 31. Nxc7 Ra7 32. Ne6 Ke7 33. g4 Nd6 34. Kf1 (34. f3 $11 {remains equal.}) 34... b4 35. Nc5 {[#]} a5 $1 36. Re1 Nb5 37. Nd3 (37. Ne4 $17 {was called for.}) 37... Kd6 38. Rxe5 Nc3 {[%mdl 64] Double Attack} 39. Re6+ $2 (39. Re8) 39... Kxd5 $19 40. Nf4+ (40. Rb6 $142) 40... Kc4 41. Rc6+ Kb5 42. Rc8 {and the idea a3 leaves White hopeful.} Rd7 43. Ne6 Nxa2 44. Rb8+ Kc6 45. f4 Nc3 46. f5 gxf5 47. gxf5 Kd5 48. Ra8 $2 (48. Kf2) 48... b3 {[%cal Bb4b3,Bb3b2][%mdl 32]} 49. Rxa5+ Kc4 {Black mates.} 50. Rc5+ Kb4 51. Rc8 b2 {Accuracy: White = 39%, Black = 75%.} 0-1

[Event "POL-chT DMP Ekstraliga 2019"]
[Site "Katowice"]
[Date "2019.08.30"]
[Round "3.8"]
[White "Hracek, Zbynek"]
[Black "Czarnota, Pawel"]
[Result "1/2-1/2"]
[WhiteElo "2572"]
[BlackElo "2532"]
[Annotator "ChessBase"]
[PlyCount "53"]
[EventDate "2019.08.28"]
[EventType "team-tourn"]
[EventCountry "POL"]
[SourceTitle "playchess.com"]
[Source "ChessBase"]
[SourceQuality "1"]
[TimeControl "40/5400+30:1800+30"]

1. c4 {[%emt 0:00:00]} Nf6 {[%emt 0:00:47]} 2. Nf3 {[%emt 0:00:25]} g6 {[%emt 0:00:09]} 3. g3 {[%emt 0:00:32]} Bg7 {[%emt 0:00:07]} 4. Bg2 {[%emt 0:00:06]} O-O {[%emt 0:00:11]} 5. O-O {[%emt 0:00:21]} d6 {[%emt 0:00:08]} 6. d4 {[%emt 0:00:08]} Nbd7 {[%emt 0:00:25]} 7. Nc3 {[%emt 0:00:16]} e5 {[%emt 0:00:06]} 8. e4 {[%emt 0:00:04]} exd4 {[%emt 0:00:05]} 9. Nxd4 {[%emt 0:00:06]} Re8 {[%emt 0:00:04]} 10. Be3 {[%emt 0:00:29]} c6 {[%emt 0:06:12]} 11. h3 {[%emt 0:01:04]} Nc5 {[%emt 0:06:50]} 12. Qc2 {[%emt 0:00:08]} a5 {[%emt 0:01:18]} 13. Rad1 {[%emt 0:00:34]} Nfd7 {[%emt 0:10:30]} 14. Nb3 {[%emt 0:21:11]} Qc7 {[%emt 0:04:21]} 15. Nxc5 {[%emt 0:05:04]} Nxc5 {[%emt 0:00:20]} 16. Bd4 {[%emt 0:01:16]} Be6 {[%emt 0:04:20]} 17. Bxg7 {[%emt 0:01:40]} Kxg7 {[%emt 0:00:05]} 18. Rd4 {[%emt 0:04:46]} Rad8 {[%emt 0:10:25]} 19. Rfd1 {[%emt 0:08:28]} b6 {[%emt 0:00:07]} 20. Qd2 {[%emt 0:15:29]} Nb7 {[%emt 0:00:57]} 21. b3 {[%emt 0:01:12]} f6 {[%emt 0:00:24]} 22. f4 {[%emt 0:01:18]} Bf7 {[%emt 0:00:47]} 23. Kh2 {[%emt 0:01:47]} Re7 {[%emt 0:05:56]} 24. Qb2 {[%emt 0:06:36]} Nc5 {[%emt 0:03:32]} 25. Qd2 {[%emt 0:07:24]} Nb7 {[%emt 0:00:50]} 26. Qb2 {[%emt 0:06:35]} Nc5 {[%emt 0:00:19]} 27. Qd2 {[%emt 0:06:15]} 1/2-1/2

[Event "POL-chT DMP Ekstraliga 2019"]
[Site "Katowice"]
[Date "2019.08.30"]
[Round "3.9"]
[White "Olszewski, Michal"]
[Black "Markowski, Tomasz"]
[Result "1-0"]
[WhiteElo "2522"]
[BlackElo "2537"]
[Annotator "ChessBase"]
[PlyCount "63"]
[EventDate "2019.08.28"]
[EventType "team-tourn"]
[EventCountry "POL"]
[SourceTitle "playchess.com"]
[Source "ChessBase"]
[SourceQuality "1"]
[TimeControl "40/5400+30:1800+30"]

1. e4 {[%emt 0:00:15]} e6 {[%emt 0:00:00]} 2. d4 {[%emt 0:01:09]} d5 {[%emt 0:00:00]} 3. Nc3 {[%emt 0:00:07]} Bb4 {[%emt 0:00:00]} 4. e5 {[%emt 0:00:04]} c5 {[%emt 0:00:00]} 5. a3 {[%emt 0:00:04]} Bxc3+ {[%emt 0:00:00]} 6. bxc3 {[%emt 0:00:04]} Ne7 {[%emt 0:00:00]} 7. h4 {[%emt 0:00:05]} Qc7 {[%emt 0:00:18]} 8. h5 {[%emt 0:03:09]} h6 {[%emt 0:00:06]} 9. a4 {[%emt 0:10:21]} Bd7 {[%emt 0:04:04]} 10. Rh3 {[%emt 0:03:03]} Nbc6 {[%emt 0:02:33]} 11. Ba3 {[%emt 0:07:20]} b6 {[%emt 0:01:44]} 12. Nf3 {[%emt 0:11:09]} Na5 {[%emt 0:04:01]} 13. dxc5 {[%emt 0:02:46]} bxc5 {[%emt 0:00:12]} 14. Rg3 {[%emt 0:04:22]} Nf5 {[%emt 0:14:26]} 15. Rg4 {[%emt 0:00:09]} Nc6 {[%emt 0:06:17]} 16. Qe2 {[%emt 0:04:29]} O-O {[%emt 0:09:39]} 17. g3 {[%emt 0:05:53]} f6 {[%emt 0:04:57]} 18. exf6 {[%emt 0:06:21]} Rxf6 {[%emt 0:00:05]} 19. Rg6 {[%emt 0:07:37]} Rxg6 {[%emt 0:02:59]} 20. hxg6 {[%emt 0:00:06]} Qa5 {[%emt 0:01:24]} 21. Qd2 {[%emt 0:00:47]} Qxa4 {[%emt 0:03:31]} 22. Bd3 {[%emt 0:02:45]} Rf8 {[%emt 0:02:43]} 23. c4 {[%emt 0:05:24]} Nfd4 {[%emt 0:16:16]} 24. Nxd4 {[%emt 0:00:32]} Nxd4 {[%emt 0:00:07]} 25. Qc3 {[%emt 0:00:05]} Nf3+ {[%emt 0:00:49]} 26. Ke2 {[%emt 0:05:15]} d4 {[%emt 0:00:29]} 27. Bxc5 {[%emt 0:00:46]} Qc6 {[%emt 0:13:09]} 28. Qb4 {[%emt 0:02:00]} Rc8 {[%emt 0:01:40]} 29. Rxa7 {[%emt 0:02:04]} Ne5 {[%emt 0:09:20]} 30. Bxd4 {[%emt 0:03:39]} Nxd3 {[%emt 0:00:01]} 31. cxd3 {[%emt 0:00:07]} e5 {[%emt 0:00:01]} 32. Qe7 {[%emt 0:01:58]} 1-0

[Event "POL-chT DMP Ekstraliga 2019"]
[Site "Katowice"]
[Date "2019.08.30"]
[Round "3.10"]
[White "Nasuta, Grzegorz"]
[Black "Warakomski, Tomasz"]
[Result "1-0"]
[WhiteElo "2533"]
[BlackElo "2497"]
[Annotator "ChessBase"]
[PlyCount "51"]
[EventDate "2019.08.28"]
[EventType "team-tourn"]
[EventCountry "POL"]
[SourceTitle "playchess.com"]
[Source "ChessBase"]
[SourceQuality "1"]
[TimeControl "40/5400+30:1800+30"]

1. e4 {[%emt 0:00:00]} e5 {[%emt 0:00:00]} 2. Nf3 {[%emt 0:00:00]} Nc6 {[%emt 0:00:00]} 3. d4 {[%emt 0:00:47]} exd4 {[%emt 0:00:00]} 4. Nxd4 {[%emt 0:00:04]} Qf6 {[%emt 0:03:48]} 5. Nf3 {[%emt 0:01:52]} Bb4+ {[%emt 0:13:49]} 6. c3 {[%emt 0:00:21]} Bc5 {[%emt 0:00:03]} 7. Be2 {[%emt 0:00:28]} d6 {[%emt 0:01:04]} 8. O-O {[%emt 0:02:12]} Nge7 {[%emt 0:07:14]} 9. b4 {[%emt 0:02:15]} Bb6 {[%emt 0:00:30]} 10. Bg5 {[%emt 0:00:17]} Qg6 {[%emt 0:04:15]} 11. Bh4 {[%emt 0:00:07]} Bh3 {[%emt 0:27:53]} 12. Bg3 {[%emt 0:19:27]} Be6 {[%emt 0:00:06]} 13. Nbd2 {[%emt 0:01:46]} O-O {[%emt 0:00:14]} 14. b5 {[%emt 0:05:48]} Nd8 {[%emt 0:04:06]} 15. Nd4 {[%emt 0:06:40]} d5 {[%emt 0:02:28]} 16. Bf3 {[%emt 0:12:33]} dxe4 {[%emt 0:02:31]} 17. Bxe4 {[%emt 0:13:06]} Qh6 {[%emt 0:00:09]} 18. N2f3 {[%emt 0:02:54]} c6 {[%emt 0:10:18]} 19. Re1 {[%emt 0:23:10]} Re8 {[%emt 0:11:23]} 20. a4 {[%emt 0:00:36]} Ba5 {[%emt 0:00:14]} 21. Rc1 {[%emt 0:00:34]} Rc8 {[%emt 0:00:43]} 22. Ne5 {[%emt 0:04:14]} Nd5 {[%emt 0:02:41]} 23. Qf3 {[%emt 0:00:27]} Nxc3 {[%emt 0:03:35]} 24. Nf5 {[%emt 0:00:46]} Bxf5 {[%emt 0:03:44]} 25. Bxf5 {[%emt 0:00:01]} Nxa4 {[%emt 0:01:06]} 26. Ng4 {[%emt 0:01:13]} 1-0

[Event "POL-chT DMP Ekstraliga 2019"]
[Site "Katowice"]
[Date "2019.08.30"]
[Round "3.11"]
[White "Kantans, Toms"]
[Black "Jakubowski, Krzysztof"]
[Result "0-1"]
[WhiteElo "2490"]
[BlackElo "2518"]
[Annotator "ChessBase"]
[PlyCount "152"]
[EventDate "2019.08.28"]
[EventType "team-tourn"]
[EventCountry "POL"]
[SourceTitle "playchess.com"]
[Source "ChessBase"]
[SourceQuality "1"]
[TimeControl "40/5400+30:1800+30"]

1. e4 {[%emt 0:00:00]} e5 {[%emt 0:00:00]} 2. Nf3 {[%emt 0:00:00]} Nc6 {[%emt 0:00:00]} 3. d4 {[%emt 0:00:44]} exd4 {[%emt 0:00:20]} 4. Nxd4 {[%emt 0:00:06]} Nf6 {[%emt 0:00:34]} 5. Nxc6 {[%emt 0:00:19]} bxc6 {[%emt 0:00:09]} 6. Qe2 {[%emt 0:01:07]} Bc5 {[%emt 0:00:49]} 7. Be3 {[%emt 0:10:34]} Bxe3 {[%emt 0:05:24]} 8. Qxe3 {[%emt 0:00:05]} Rb8 {[%emt 0:00:06]} 9. Qxa7 {[%emt 0:15:10]} Rxb2 {[%emt 0:01:56]} 10. Bd3 {[%emt 0:00:25]} Rb6 {[%emt 0:15:39]} 11. O-O {[%emt 0:03:39]} O-O {[%emt 0:00:55]} 12. a4 {[%emt 0:05:06]} d5 {[%emt 0:22:56]} 13. a5 {[%emt 0:13:29]} Rb7 {[%emt 0:00:45]} 14. Qc5 {[%emt 0:05:33]} dxe4 {[%emt 0:02:56]} 15. a6 {[%emt 0:05:57]} Rb8 {[%emt 0:06:12]} 16. Be2 {[%emt 0:08:41]} Qd5 {[%emt 0:02:42]} 17. Qa7 {[%emt 0:06:46]} Bg4 {[%emt 0:03:04]} 18. Bxg4 {[%emt 0:03:27]} Qe5 {[%emt 0:00:25]} 19. Nd2 {[%emt 0:02:25]} Nxg4 {[%emt 0:02:27]} 20. f4 {[%emt 0:01:43]} Qe7 {[%emt 0:15:11]} 21. h3 {[%emt 0:04:39]} Ra8 {[%emt 0:02:47]} 22. Qd4 {[%emt 0:00:37]} Rfd8 {[%emt 0:00:18]} 23. Qc3 {[%emt 0:00:22]} Nf6 {[%emt 0:00:17]} 24. Nb3 {[%emt 0:02:44]} e3 {[%emt 0:02:57]} 25. Qc5 {[%emt 0:06:09]} Qe4 {[%emt 0:00:47]} 26. Qe5 {[%emt 0:02:15]} Qxc2 {[%emt 0:03:18]} 27. Nd4 {[%emt 0:00:04]} Qc4 {[%emt 0:00:31]} 28. Nf5 {[%emt 0:00:23]} e2 {[%emt 0:04:39]} 29. Rfc1 {[%emt 0:00:39]} Rxa6 {[%emt 0:01:48]} 30. Rxc4 {[%emt 0:00:59]} Rxa1+ {[%emt 0:00:08]} 31. Kf2 {[%emt 0:00:09]} e1=Q+ {[%emt 0:02:53]} 32. Qxe1 {[%emt 0:00:02]} Rxe1 {[%emt 0:00:04]} 33. Kxe1 {[%emt 0:00:04]} Re8+ {[%emt 0:00:05]} 34. Kd2 {[%emt 0:01:10]} g6 {[%emt 0:00:58]} 35. Ne3 {[%emt 0:00:56]} Re6 {[%emt 0:00:22]} 36. f5 {[%emt 0:00:55]} Rd6+ {[%emt 0:00:52]} 37. Ke2 {[%emt 0:00:00]} g5 {[%emt 0:00:32]} 38. h4 {[%emt 0:00:54]} h6 {[%emt 0:00:16]} 39. hxg5 {[%emt 0:00:04]} hxg5 {[%emt 0:00:01]} 40. Nc2 {[%emt 0:00:00]} Nd5 {[%emt 0:00:00]} 41. Kf3 {[%emt 0:06:09]} Nb6 {[%emt 0:02:52]} 42. Rc3 {[%emt 0:02:27]} Nd7 {[%emt 0:00:56]} 43. Kg4 {[%emt 0:05:18]} Nf6+ {[%emt 0:02:07]} 44. Kf3 {[%emt 0:01:19]} g4+ {[%emt 0:00:33]} 45. Ke2 {[%emt 0:00:10]} Kg7 {[%emt 0:01:39]} 46. Nb4 {[%emt 0:01:09]} Nd5 {[%emt 0:03:52]} 47. Rc4 {[%emt 0:11:53]} Nxb4 {[%emt 0:00:24]} 48. Rxg4+ {[%emt 0:00:09]} Kf6 {[%emt 0:00:05]} 49. Rxb4 {[%emt 0:00:02]} Kxf5 {[%emt 0:00:07]} 50. Rc4 {[%emt 0:00:31]} Ke5 {[%emt 0:00:55]} 51. Rc1 {[%emt 0:00:08]} Kd4 {[%emt 0:03:38]} 52. Rd1+ {[%emt 0:00:09]} Ke4 {[%emt 0:00:22]} 53. Rc1 {[%emt 0:00:04]} Re6 {[%emt 0:02:06]} 54. Kf2 {[%emt 0:00:33]} Rf6+ {[%emt 0:00:13]} 55. Ke2 {[%emt 0:00:56]} Re6 {[%emt 0:01:35]} 56. Kf2 {[%emt 0:00:05]} Kd4 {[%emt 0:03:13]} 57. Rd1+ {[%emt 0:00:07]} Kc4 {[%emt 0:00:06]} 58. Rc1+ {[%emt 0:00:06]} Kb5 {[%emt 0:00:38]} 59. Rb1+ {[%emt 0:00:06]} Ka6 {[%emt 0:00:08]} 60. Ra1+ {[%emt 0:01:19]} Kb7 {[%emt 0:00:08]} 61. Rb1+ {[%emt 0:00:03]} Kc8 {[%emt 0:00:08]} 62. Rc1 {[%emt 0:00:08]} Kd7 {[%emt 0:00:07]} 63. Kf3 {[%emt 0:01:01]} Re5 {[%emt 0:00:34]} 64. Kf4 {[%emt 0:02:39]} Rd5 {[%emt 0:02:18]} 65. g4 {[%emt 0:00:09]} c5 {[%emt 0:01:04]} 66. g5 {[%emt 0:02:55]} Kc6 {[%emt 0:01:29]} 67. Kg4 {[%emt 0:01:14]} Kd6 {[%emt 0:05:56]} 68. Rf1 {[%emt 0:02:47]} Ke7 {[%emt 0:00:34]} 69. Rc1 {[%emt 0:01:52]} Kf8 {[%emt 0:00:19]} 70. Kf4 {[%emt 0:00:35]} Kg7 {[%emt 0:00:14]} 71. Ra1 {[%emt 0:00:18]} c4 {[%emt 0:03:21]} 72. Ke4 {[%emt 0:00:31]} Rxg5 {[%emt 0:00:20]} 73. Ra7 {[%emt 0:00:05]} Rc5 {[%emt 0:01:40]} 74. Kd4 {[%emt 0:00:04]} Rc6 {[%emt 0:00:04]} 75. Kd5 {[%emt 0:00:07]} Rd6+ {[%emt 0:00:05]} 76. Kxc4 {[%emt 0:00:05]} Rd7 {[%emt 0:00:04] Kd4} 0-1

[Event "POL-chT DMP Ekstraliga 2019"]
[Site "Katowice"]
[Date "2019.08.30"]
[Round "3.12"]
[White "Buksa, Nataliya"]
[Black "Warakomska, Anna"]
[Result "1/2-1/2"]
[WhiteElo "2406"]
[BlackElo "2241"]
[Annotator "NA"]
[PlyCount "95"]
[EventDate "2019.08.28"]
[EventType "team-tourn"]
[EventCountry "POL"]
[SourceTitle "playchess.com"]
[Source "ChessBase"]
[SourceQuality "1"]
[TimeControl "40/5400+30:1800+30"]

1. e4 {[%emt 0:00:00]} c6 {[%emt 0:00:00]} 2. d4 {[%emt 0:00:46]} d5 {[%emt 0:00:00]} 3. e5 {[%emt 0:00:30]} Bf5 {[%emt 0:00:05]} 4. Nd2 {[%emt 0:00:04]} e6 {[%emt 0:00:24]} 5. Nb3 {[%emt 0:00:04]} c5 {[%emt 0:00:27]} 6. dxc5 {[%emt 0:00:23]} Bxc5 {[%emt 0:00:38]} 7. Nxc5 {[%emt 0:00:10]} Qa5+ {[%emt 0:00:02]} 8. c3 {[%emt 0:00:03]} Qxc5 {[%emt 0:00:06]} 9. Be3 {[%emt 0:00:13]} Qc7 {[%emt 0:00:24]} 10. f4 {[%emt 0:00:04]} Ne7 {[%emt 0:01:09]} 11. Nf3 {[%emt 0:01:04]} Nbc6 {[%emt 0:01:07]} 12. Be2 {[%emt 0:00:15]} O-O {[%emt 0:00:59]} 13. O-O {[%emt 0:00:06]} Rad8 {[%emt 0:00:58]} 14. Qd2 {[%emt 0:04:31]} f6 {[%emt 0:09:14]} 15. exf6 {[%emt 0:18:20]} Rxf6 {[%emt 0:01:28]} 16. Rae1 {[%emt 0:14:54]} Nc8 {[%emt 0:17:31]} 17. Bd4 {[%emt 0:00:07]} Nxd4 {[%emt 0:12:20]} 18. Qxd4 {[%emt 0:01:00]} Qb6 {[%emt 0:11:18]} 19. Qxb6 {[%emt 0:02:01]} Nxb6 {[%emt 0:00:46]} 20. Nd4 {[%emt 0:13:29]} Be4 {[%emt 0:07:54]} 21. Bf3 {[%emt 0:13:56]} Bxf3 {[%emt 0:12:01]} 22. Rxf3 {[%emt 0:00:22]} Nc4 {[%emt 0:01:57]} 23. Nxe6 {[%emt 0:04:59]} Rd6 {[%emt 0:10:12]} 24. Nc5 {[%emt 0:05:21]} Nxb2 {[%emt 0:02:52]} 25. Rb1 {[%emt 0:00:31]} b6 {[%emt 0:00:56]} 26. Nb7 {[%emt 0:02:11]} Rd7 {[%emt 0:00:08]} 27. Rxb2 {[%emt 0:00:55]} Rxb7 {[%emt 0:00:06]} 28. Rd2 {[%emt 0:00:04]} Rbf7 {[%emt 0:03:55]} 29. Rd4 {[%emt 0:05:43]} g5 {[%emt 0:02:37]} 30. Rg3 {[%emt 0:02:06]} h6 {[%emt 0:00:19]} 31. h3 {[%emt 0:10:41]} Rxf4 {[%emt 0:00:24]} 32. Rxd5 {[%emt 0:00:03]} Ra4 {[%emt 0:02:30]} 33. Rd2 {[%emt 0:00:04]} Kg7 {[%emt 0:00:28]} 34. Re3 {[%emt 0:00:03]} Ra3 {[%emt 0:00:34]} 35. Kh2 {[%emt 0:01:09]} Rc7 {[%emt 0:00:40]} 36. Re6 {[%emt 0:00:44]} Raxc3 {[%emt 0:00:35]} 37. Rdd6 {[%emt 0:00:03]} Rc2 {[%emt 0:00:45]} 38. Rg6+ {[%emt 0:00:06]} Kf7 {[%emt 0:00:06]} 39. Rxh6 {[%emt 0:00:13]} Re7 {[%emt 0:00:54]} 40. Rh7+ {[%emt 0:00:00]} Ke8 {[%emt 0:00:00]} 41. Rh8+ {[%emt 0:09:29]} Kf7 {[%emt 0:00:24]} 42. Rh5 {[%emt 0:02:19]} g4 {[%emt 0:07:34]} 43. hxg4 {[%emt 0:02:33]} Rxa2 {[%emt 0:04:46]} 44. Rh7+ {[%emt 0:09:33]} Ke8 {[%emt 0:00:05]} 45. Rh8+ {[%emt 0:00:07]} Kf7 {[%emt 0:00:04]} 46. Rh7+ {[%emt 0:01:35]} Ke8 {[%emt 0:00:05]} 47. Rh8+ {[%emt 0:00:03]} Kf7 {[%emt 0:00:05]} 48. Rh7+ {[%emt 0:00:05]} 1/2-1/2

[Event "POL-chT DMP Ekstraliga 2019"]
[Site "Katowice"]
[Date "2019.08.30"]
[Round "3.13"]
[White "Matuszewski, Michal"]
[Black "Wojtaszek, Radoslaw"]
[Result "1/2-1/2"]
[WhiteElo "2518"]
[BlackElo "2739"]
[Annotator "TA"]
[PlyCount "103"]
[EventDate "2019.08.28"]
[EventType "team-tourn"]
[EventCountry "POL"]
[SourceTitle "playchess.com"]
[Source "ChessBase"]
[SourceQuality "1"]

{[%evp 9,103,0,12,0,0,0,0,0,0,0,0,-15,0,0,0,0,0,-23,0,0,0,0,0,0,0,-33,0,-13,0,0,0,0,0,0,0,0,0,0,0,0,5,5,5,5,3,6,6,8,26,24,31,24,25,25,27,25,25,22,31,19,28,28,41,31,37,37,47,8,8,12,18,14,14,14,14,14,29,14,14,14,14,14,14,14,14,16,204,192,191,-8,-8,-8,-8,-8,0,0]} 1. d4 d5 2. Bf4 c5 3. e3 Nc6 4. c3 Bf5 (4... cxd4 5. exd4 Nf6 6. Bd3 Bg4 7. Qb3 Qc8 8. Nd2 e6 9. Ngf3 Bh5 10. O-O Be7 11. Rae1 a6 12. Qc2 Bg6 13. Ne5 Nxd4 14. Qa4+ Nc6 15. Nxg6 hxg6 16. Nf3 b5 17. Qd1 Qd7 18. a4 bxa4 19. Qxa4 {1-0 (84) Nakamura,H (2780)-Topalov,V (2749) Saint Louis 2017}) 5. Nd2 e6 6. Qb3 {D00: 1 d4 d5: Unusual lines} Qd7 7. Ngf3 c4 8. Qd1 Nf6 9. Be2 Be7 10. h3 h6 11. O-O b5 12. a4 $146 ({Predecessor:} 12. g4 Bh7 {0-1 (63) Burcu,C (2333)-Oglaza,O (2310) Lvov 2018}) 12... b4 13. Ne5 Qc8 14. Nxc6 Qxc6 15. cxb4 $1 Qb7 16. b5 O-O 17. Bf3 Bd3 18. Be2 {[#] Threatens to win with Bxd3.} Bxe2 19. Qxe2 a6 20. b3 axb5 21. axb5 c3 22. Rxa8 Rxa8 23. Nb1 $1 Bb4 24. f3 Ra5 25. Rc1 Rxb5 26. Nxc3 Bxc3 27. Rxc3 Rxb3 28. Rc7 Qb5 29. Qc2 {Hoping for Rc8+.} Qd3 $1 30. Qxd3 Rxd3 $14 {[%mdl 4096] Endgame KRB-KRN} 31. g4 Ra3 32. h4 Ra8 33. Kf2 Nh7 34. Kg3 Rd8 35. Rb7 Rc8 36. Bc7 Nf8 37. Bd6 Nh7 38. Kf4 g5+ 39. Kg3 gxh4+ 40. Kxh4 Ng5 41. Kh5 Nxf3 42. Kxh6 Nh4 43. Kg5 Nf3+ 44. Kf6 Nd2 45. Be5 Ne4+ 46. Ke7 {next Ra7 is good for White.} Ra8 47. Rc7 Rb8 $2 {[#]} (47... Nf2 $1 $11 {and Black stays safe.}) 48. Ra7 $1 $18 Rf8 {intending ...f6.} 49. g5 $2 (49. Ra5 $18) 49... f6 $1 $11 {White must now prevent ...Rf7+.The position is equal.} 50. Kxe6 fxe5 51. Kxd5 exd4 52. Kxe4 {Accuracy: White = 74%, Black = 52%.} 1/2-1/2